Viackriteriálna analýza konkurencieschopnosti krajov SR diplomová práca

Guardado en:
Detalles Bibliográficos
Autor principal: Kršáková, Lýdia
Autor Corporativo: Fakulta hospodárskej informatiky EU. Katedra operačného výskumu a ekonometrie
Otros Autores: Furková, Andrea, 1975-
Formato: Libro
Lenguaje:eslovaco
Publicado: Bratislava 2018
Etiquetas: Agregar Etiqueta
Sin Etiquetas, Sea el primero en etiquetar este registro!

MARC

LEADER 00000nbm a2200000 4500
001 0245174
005 20180917110328.0
041 0 |a slo 
044 |a SK 
245 1 0 |a Viackriteriálna analýza konkurencieschopnosti krajov SR  |b diplomová práca  |c Lýdia Kršáková ; školiteľ: Andrea Furková 
264 1 |a Bratislava  |c 2018 
300 |a 103 s. 
100 1 |a Kršáková, Lýdia 
700 1 |a Furková, Andrea, 1975- 
710 2 |a Fakulta hospodárskej informatiky EU. Katedra operačného výskumu a ekonometrie